[Event "GER HS-243 email"]
[Site "GER email"]
[Date "2018.08.13"]
[Round "?"]
[White "Kuhn, Wilfried"]
[Black "Limley, Gerhard"]
[Result "1/2-1/2"]
[WhiteElo "1807"]
[BlackElo "1923"]
[PlyCount "59"]
[EventDate "2018.08.22"]
[EventType "tourn (corr)"]
[EventRounds "6"]
[EventCountry "GER"]
[SourceTitle "Corr 2022"]
[Source "ChessBase"]
[SourceDate "2021.10.24"]
[SourceVersion "1"]
[SourceVersionDate "2021.10.24"]
[SourceQuality "1"]

1. d4 Nf6 2. c4 e6 3. Nc3 Bb4 4. f3 0-0 5. a3 Bxc3+ 6. bxc3 d5 7. cxd5 exd5 8. e3 c5 9. Bd3 b6 10. Ne2 Ba6 11. 0-0 Bxd3 12. Qxd3 Re8 13. Ng3 Nbd7 14. Ra2 Rc8 15. Re2 Re6 16. Bb2 cxd4 17. cxd4 Nf8 18. e4 Ng6 19. Rc2 Nf4 20. Rxc8 Qxc8 21. Qd2 N4h5 22. Rc1 Rc6 23. Rxc6 Qxc6 24. Nf5 Qd7 25. Qg5 dxe4 26. Nxg7 Nxg7 27. Qxf6 Qa4 28. h3 Ne8 29. Qg5+ Kf8 30. Qh6+ 1/2-1/2

[Event "GER HS-238 email"]
[Site "GER email"]
[Date "2018.05.24"]
[Round "?"]
[White "Heyn, Wolfgang"]
[Black "Kuhn, Wilfried"]
[Result "0-1"]
[WhiteElo "1721"]
[BlackElo "1807"]
[PlyCount "60"]
[EventDate "2018.06.05"]
[EventType "tourn (corr)"]
[EventRounds "6"]
[EventCountry "GER"]
[SourceTitle "Corr 2022"]
[Source "ChessBase"]
[SourceDate "2021.10.24"]
[SourceVersion "1"]
[SourceVersionDate "2021.10.24"]
[SourceQuality "1"]

1. Nf3 d5 2. c4 e6 3. g3 Nf6 4. Bg2 dxc4 5. Qa4+ Nbd7 6. Qxc4 c5 7. Qb3 Rb8 8. a4 b6 9. d3 Bd6 10. Na3 a6 11. Nc4 Bc7 12. Bd2 0-0 13. 0-0 Bb7 14. Rfc1 Re8 15. e4 b5 16. axb5 axb5 17. Na3 c4 18. Qxb5 cxd3 19. Qc4 Bb6 20. Qxd3 Bxe4 21. Qe2 Nc5 22. Be3 Nb3 23. Rd1 Qe7 24. Ra2 Bxe3 25. Qxe3 Red8 26. Rxd8+ Qxd8 27. h3 Qd5 28. Ne1 Nd4 29. Ra1 Bxg2 30. Nxg2 g5 0-1

[Event "GER OS-336 email"]
[Site "GER email"]
[Date "2018.01.06"]
[Round "?"]
[White "Kuhn, Wilfried"]
[Black "Drescher, Andreas"]
[Result "1-0"]
[WhiteElo "1757"]
[BlackElo "1606"]
[PlyCount "107"]
[EventDate "2018.01.15"]
[EventType "tourn (corr)"]
[EventRounds "6"]
[EventCountry "GER"]
[SourceTitle "Corr 2020"]
[Source "ChessBase"]
[SourceDate "2019.09.30"]
[SourceVersion "1"]
[SourceVersionDate "2019.09.30"]
[SourceQuality "1"]

1. d4 e6 2. e4 d5 3. Nc3 Nf6 4. Bg5 Bb4 5. e5 h6 6. Bd2 Bxc3 7. bxc3 Ne4 8. Qg4 g6 9. Bd3 Nxd2 10. Kxd2 c5 11. Nf3 Nc6 12. Qf4 cxd4 13. cxd4 Qa5+ 14. c3 b6 15. Qf6 Rg8 16. a4 Ba6 17. Bb5 Rc8 18. Rhb1 Kf8 19. Qh4 Rh8 20. Ng1 Ne7 21. Ne2 Rh7 22. Qg4 h5 23. Qf3 Rc4 24. Bxc4 Bxc4 25. Qf6 Bxe2 26. Kxe2 Qa6+ 27. Rb5 Qc8 28. Qf3 Nc6 29. Kf1 Na5 30. Kg1 h4 31. h3 Qd8 32. Rxa5 bxa5 33. Rb1 f5 34. exf6 Rf7 35. Kf1 Qxf6 36. Qxf6 Rxf6 37. Rb8+ Kg7 38. Rb7+ Kh6 39. Rxa7 Rf8 40. Rxa5 Rc8 41. Rc5 Rb8 42. Rb5 Rc8 43. Rb3 Ra8 44. Ra3 Ra5 45. Ke2 Kg5 46. Kd3 Kf6 47. c4 e5 48. cxd5 Kf5 49. Kc3 e4 50. Kb4 Rxd5 51. a5 Rxd4+ 52. Kb5 Rd3 53. Ra4 Rb3+ 54. Rb4 1-0

[Event "GER OS-325 email"]
[Site "GER email"]
[Date "2017.08.07"]
[Round "?"]
[White "Lindenblatt, Ingo"]
[Black "Kuhn, Wilfried"]
[Result "0-1"]
[WhiteElo "1680"]
[BlackElo "1780"]
[PlyCount "48"]
[EventDate "2017.08.12"]
[EventType "tourn (corr)"]
[EventRounds "6"]
[EventCountry "GER"]
[SourceTitle "Corr 2020"]
[Source "ChessBase"]
[SourceDate "2019.09.30"]
[SourceVersion "1"]
[SourceVersionDate "2019.09.30"]
[SourceQuality "1"]

1. e4 c5 2. Nf3 Nc6 3. d4 cxd4 4. Nxd4 Nf6 5. Nc3 e5 6. Ndb5 d6 7. Bg5 a6 8. Na3 b5 9. Nd5 Be7 10. Bxf6 Bxf6 11. c4 b4 12. Nc2 Rb8 13. Nxf6+ Qxf6 14. Qd3 0-0 15. Be2 Be6 16. Qxd6 Rbc8 17. Ne3 Rfd8 18. Qc5 Qf4 19. Rd1 Nd4 20. Qa5 Rd7 21. Qxa6 Rcd8 22. Bd3 b3 23. axb3 Bg4 24. Rb1 Nf3+ 0-1

[Event "GER OS-314 email"]
[Site "GER email"]
[Date "2017.02.23"]
[Round "?"]
[White "Kuhn, Wilfried"]
[Black "Rheindt, Stefan"]
[Result "1-0"]
[WhiteElo "1753"]
[BlackElo "1470"]
[PlyCount "47"]
[EventDate "2017.02.27"]
[EventType "tourn (corr)"]
[EventRounds "6"]
[EventCountry "GER"]
[SourceTitle "Corr 2020"]
[Source "ChessBase"]
[SourceDate "2019.09.30"]
[SourceVersion "1"]
[SourceVersionDate "2019.09.30"]
[SourceQuality "1"]

1. e4 e5 2. Nf3 Nf6 3. Nxe5 d6 4. Nf3 Nxe4 5. d4 Be7 6. Bd3 d5 7. 0-0 0-0 8. c4 c6 9. Qc2 f5 10. Nc3 Be6 11. Re1 Bd6 12. cxd5 cxd5 13. Ng5 Bf7 14. Nxf7 Rxf7 15. Nxd5 Nc6 16. Bxe4 fxe4 17. Qxe4 Qd7 18. Bd2 Raf8 19. f4 a5 20. Rac1 Nb4 21. Bxb4 axb4 22. g3 b5 23. Nb6 Qg4 24. Qe6 1-0

[Event "GER OS-314 email"]
[Site "GER email"]
[Date "2017.02.23"]
[Round "?"]
[White "Kunze, Juergen"]
[Black "Kuhn, Wilfried"]
[Result "1/2-1/2"]
[WhiteElo "1953"]
[BlackElo "1753"]
[PlyCount "72"]
[EventDate "2017.02.27"]
[EventType "tourn (corr)"]
[EventRounds "6"]
[EventCountry "GER"]
[SourceTitle "Corr 2020"]
[Source "ChessBase"]
[SourceDate "2019.09.30"]
[SourceVersion "1"]
[SourceVersionDate "2019.09.30"]
[SourceQuality "1"]

1. Nf3 d5 2. c4 e6 3. g3 Nf6 4. b3 Be7 5. Bg2 0-0 6. Bb2 c5 7. 0-0 Nc6 8. e3 d4 9. exd4 cxd4 10. Re1 Ne8 11. d3 f6 12. Ba3 e5 13. Bxe7 Qxe7 14. a3 a5 15. Nbd2 Nc7 16. Qc2 Be6 17. Ne4 Kh8 18. h4 h6 19. c5 Nb5 20. Qc1 Rad8 21. b4 axb4 22. axb4 Qf7 23. Rb1 Rc8 24. Rb2 Rfd8 25. Qd1 Bd5 26. Nfd2 Ra8 27. Qc2 f5 28. Nd6 Nxd6 29. cxd6 Bxg2 30. Kxg2 Qd5+ 31. Nf3 b5 32. Qc5 Rxd6 33. Rc2 Qxc5 34. Rxc5 e4 35. Ne5 Nxe5 36. Rxe5 exd3 1/2-1/2

[Event "GER OS-306 email"]
[Site "GER email"]
[Date "2016.12.01"]
[Round "?"]
[White "Kuhn, Wilfried"]
[Black "Granz, Thomas"]
[Result "1/2-1/2"]
[WhiteElo "1781"]
[BlackElo "1851"]
[PlyCount "55"]
[EventDate "2016.12.05"]
[EventType "tourn (corr)"]
[EventRounds "6"]
[EventCountry "GER"]
[SourceTitle "Corr 2020"]
[Source "ChessBase"]
[SourceDate "2019.09.30"]
[SourceVersion "1"]
[SourceVersionDate "2019.09.30"]
[SourceQuality "1"]

1. e4 c5 2. Nf3 Nc6 3. d4 cxd4 4. Nxd4 e5 5. Nb5 d6 6. N1c3 a6 7. Na3 b5 8. Nd5 Nf6 9. Bg5 Be7 10. Bxf6 Bxf6 11. c3 0-0 12. Nc2 Rb8 13. Be2 Bg5 14. 0-0 Be6 15. Qd3 a5 16. Rfd1 b4 17. Nce3 bxc3 18. bxc3 Ne7 19. Rab1 Rxb1 20. Rxb1 Bxe3 21. Nxe3 Bxa2 22. Rb7 Be6 23. Qb5 d5 24. exd5 Nxd5 25. Nxd5 Qxd5 26. Qxd5 Bxd5 27. Rb5 Be6 28. Rxa5 1/2-1/2

[Event "GER OS-306 email"]
[Site "GER email"]
[Date "2016.12.01"]
[Round "?"]
[White "Kuhn, Wilfried"]
[Black "Horst, Lothar"]
[Result "1/2-1/2"]
[WhiteElo "1781"]
[BlackElo "1668"]
[PlyCount "55"]
[EventDate "2016.12.05"]
[EventType "tourn (corr)"]
[EventRounds "6"]
[EventCountry "GER"]
[SourceTitle "Corr 2020"]
[Source "ChessBase"]
[SourceDate "2019.09.30"]
[SourceVersion "1"]
[SourceVersionDate "2019.09.30"]
[SourceQuality "1"]

1. e4 e5 2. Nf3 Nc6 3. Bb5 a6 4. Ba4 Nf6 5. 0-0 Be7 6. Re1 d6 7. c3 Bg4 8. d3 h6 9. Nbd2 0-0 10. Nf1 Re8 11. h3 Be6 12. Ng3 b5 13. Bc2 Bf8 14. d4 Bd7 15. Be3 Na5 16. b3 c5 17. d5 Qc7 18. Kh2 Nb7 19. c4 Rab8 20. Bd3 b4 21. Qc1 a5 22. a4 Nh7 23. Ra2 Qd8 24. Qd1 g6 25. Qc1 h5 26. Ne2 Bg7 27. Bc2 Qe7 28. Neg1 1/2-1/2

[Event "GER OS-306 email"]
[Site "GER email"]
[Date "2016.12.01"]
[Round "?"]
[White "Preussner, Michael"]
[Black "Kuhn, Wilfried"]
[Result "1-0"]
[WhiteElo "1829"]
[BlackElo "1781"]
[PlyCount "68"]
[EventDate "2016.12.05"]
[EventType "tourn (corr)"]
[EventRounds "6"]
[EventCountry "GER"]
[SourceTitle "Corr 2020"]
[Source "ChessBase"]
[SourceDate "2019.09.30"]
[SourceVersion "1"]
[SourceVersionDate "2019.09.30"]
[SourceQuality "1"]

1. e4 c6 2. Nf3 d5 3. Nc3 Bg4 4. h3 Bxf3 5. Qxf3 e6 6. d4 dxe4 7. Qxe4 Nf6 8. Qd3 Nbd7 9. Be2 Qc7 10. 0-0 Bd6 11. Ne4 Bh2+ 12. Kh1 Bf4 13. Nd2 0-0 14. g3 Bh6 15. f4 c5 16. Nb3 Rac8 17. Nxc5 Nxc5 18. dxc5 e5 19. b4 exf4 20. Qf3 b6 21. cxb6 axb6 22. Bd3 Rfd8 23. Bxf4 Qd7 24. Kh2 Bxf4 25. Qxf4 Qa4 26. a3 h6 27. Qf3 Rd5 28. Rae1 Re8 29. Rxe8+ Qxe8 30. Rf2 Qc8 31. Qf4 Kf8 32. Re2 Rh5 33. Qd6+ Kg8 34. h4 b5 1-0

[Event "GER HS-204 email"]
[Site "GER email"]
[Date "2016.06.13"]
[Round "?"]
[White "Kuhn, Wilfried"]
[Black "Schatz, Dieter"]
[Result "0-1"]
[WhiteElo "1843"]
[BlackElo "1837"]
[PlyCount "44"]
[EventDate "2016.06.20"]
[EventType "tourn (corr)"]
[EventRounds "6"]
[EventCountry "GER"]
[SourceTitle "Corr 2020"]
[Source "ChessBase"]
[SourceDate "2019.09.30"]
[SourceVersion "1"]
[SourceVersionDate "2019.09.30"]
[SourceQuality "1"]

1. e4 e6 2. d4 d5 3. Nc3 Bb4 4. e5 c5 5. a3 Bxc3+ 6. bxc3 Ne7 7. Qg4 0-0 8. Bd3 f5 9. exf6 Rxf6 10. Bg5 Rf7 11. Qh5 g6 12. Qd1 e5 13. dxe5 Nbc6 14. Bf6 Qc7 15. f4 c4 16. Be2 Nf5 17. Bf3 Ne3 18. Qd2 Qb6 19. Bxd5 Nxd5 20. Qxd5 Qe3+ 21. Kf1 Qxc3 22. Re1 Bf5 0-1

[Event "GER HS-204 email"]
[Site "GER email"]
[Date "2016.06.13"]
[Round "?"]
[White "Kuhn, Wilfried"]
[Black "Wittenberg, Gerd"]
[Result "0-1"]
[WhiteElo "1843"]
[BlackElo "1921"]
[PlyCount "58"]
[EventDate "2016.06.20"]
[EventType "tourn (corr)"]
[EventRounds "6"]
[EventCountry "GER"]
[SourceTitle "Corr 2020"]
[Source "ChessBase"]
[SourceDate "2019.09.30"]
[SourceVersion "1"]
[SourceVersionDate "2019.09.30"]
[SourceQuality "1"]

1. e4 e5 2. Nf3 Nc6 3. Bb5 a6 4. Ba4 Nf6 5. 0-0 Bc5 6. c3 0-0 7. d4 Ba7 8. Bg5 h6 9. Bh4 exd4 10. e5 g5 11. Bxc6 dxc6 12. Nxg5 dxc3 13. Qxd8 Rxd8 14. Nxc3 Nd5 15. Nxf7 Re8 16. Nxh6+ Kg7 17. Bg5 Nxc3 18. bxc3 Rxe5 19. h4 Re2 20. g4 Be6 21. Nf5+ Kg8 22. Kg2 Rc2 23. Rab1 b5 24. Rbc1 Rxa2 25. Nh6+ Kg7 26. Rce1 Bc4 27. Re7+ Kf8 28. Kg3 Bxf1 29. Rf7+ Ke8 0-1

[Event "GER HS-204 email"]
[Site "GER email"]
[Date "2016.06.13"]
[Round "?"]
[White "Zordick, Milon"]
[Black "Kuhn, Wilfried"]
[Result "1-0"]
[WhiteElo "1885"]
[BlackElo "1843"]
[PlyCount "65"]
[EventDate "2016.06.20"]
[EventType "tourn (corr)"]
[EventRounds "6"]
[EventCountry "GER"]
[SourceTitle "Corr 2020"]
[Source "ChessBase"]
[SourceDate "2019.09.30"]
[SourceVersion "1"]
[SourceVersionDate "2019.09.30"]
[SourceQuality "1"]

1. d4 Nf6 2. c4 d6 3. Nf3 g6 4. Nc3 Bg7 5. Bf4 0-0 6. e3 Nh5 7. Bg5 h6 8. Bh4 g5 9. Nd2 Nf6 10. Bg3 Nc6 11. d5 Ne5 12. Bxe5 dxe5 13. e4 e6 14. Be2 c6 15. dxc6 bxc6 16. b4 a5 17. a3 Qe7 18. c5 Rd8 19. Rb1 axb4 20. axb4 Qa7 21. Qc2 Ba6 22. 0-0 Bf8 23. Nf3 Bxe2 24. Qxe2 Qc7 25. h3 g4 26. hxg4 Nxg4 27. Rb3 Qe7 28. Nb1 Qb7 29. Na3 Bxc5 30. Nc4 Bd6 31. Nh2 Nxh2 32. Kxh2 Kh7 33. Qh5 1-0

[Event "GER HS-200 email"]
[Site "GER email"]
[Date "2016.02.25"]
[Round "?"]
[White "Buhlmann, Werner"]
[Black "Kuhn, Wilfried"]
[Result "1/2-1/2"]
[WhiteElo "1897"]
[BlackElo "1862"]
[PlyCount "86"]
[EventDate "2016.02.29"]
[EventType "tourn (corr)"]
[EventRounds "6"]
[EventCountry "GER"]
[SourceTitle "Corr 2020"]
[Source "ChessBase"]
[SourceDate "2019.09.30"]
[SourceVersion "1"]
[SourceVersionDate "2019.09.30"]
[SourceQuality "1"]

1. e4 c5 2. Nf3 Nc6 3. d4 cxd4 4. Nxd4 Nf6 5. Nc3 e5 6. Ndb5 d6 7. Bg5 a6 8. Na3 b5 9. Nd5 Be7 10. Bxf6 Bxf6 11. f3 0-0 12. Nxf6+ Qxf6 13. c3 Rd8 14. Bd3 Ne7 15. 0-0 d5 16. Qe2 Ng6 17. g3 d4 18. cxd4 Rxd4 19. Nc2 Rd8 20. a4 bxa4 21. Ne3 Rd4 22. Bc4 Bd7 23. Rfc1 Rb8 24. Nd5 Qd6 25. Rc2 Ne7 26. Nxe7+ Qxe7 27. Bd5 Qd6 28. Rac1 h6 29. Kg2 Be6 30. Bxe6 Qxe6 31. Rc5 Rdb4 32. R1c2 Kh7 33. Rd5 Qb6 34. Rdd2 Rb7 35. h4 Rc7 36. Rxc7 Qxc7 37. Rc2 Qb7 38. h5 Rb6 39. Qd2 Rb3 40. g4 f6 41. Qc1 a5 42. Rf2 Rb6 43. Qc3 Rb5 1/2-1/2

[Event "GER HS-200 email"]
[Site "GER email"]
[Date "2016.02.25"]
[Round "?"]
[White "Herzog, Klaus"]
[Black "Kuhn, Wilfried"]
[Result "0-1"]
[WhiteElo "1798"]
[BlackElo "1862"]
[PlyCount "112"]
[EventDate "2016.02.29"]
[EventType "tourn (corr)"]
[EventRounds "6"]
[EventCountry "GER"]
[SourceTitle "Corr 2020"]
[Source "ChessBase"]
[SourceDate "2019.09.30"]
[SourceVersion "1"]
[SourceVersionDate "2019.09.30"]
[SourceQuality "1"]

1. e4 e5 2. Nf3 Nc6 3. Nc3 Nf6 4. Bb5 Nd4 5. Ba4 c6 6. Nxe5 d5 7. exd5 Bd6 8. dxc6 0-0 9. Nc4 b5 10. Bxb5 Ng4 11. Ne3 Qg5 12. Bd3 Qf4 13. Rf1 Nxh2 14. Qh5 g6 15. Qd5 Nxf1 16. Kxf1 Be5 17. g3 Qh6 18. Kg1 Be6 19. Qg2 Qh5 20. f4 Bh3 21. Qe4 Bg7 22. Qh1 Rfe8 23. Kf2 Rac8 24. Ne2 Nxc6 25. Ng1 Bd7 26. Qxh5 gxh5 27. c3 h4 28. gxh4 Ne7 29. Nf3 Ng6 30. Kg3 Rc5 31. Bc2 Rh5 32. f5 Ne7 33. Kg4 Rh6 34. d4 Rg6+ 35. Ng5 h6 36. Kg3 Rb6 37. Nf3 Rf6 38. Ne5 Bxf5 39. N5g4 Bxg4 40. Kxg4 Kh8 41. Bd1 h5+ 42. Kh3 Bh6 43. Bxh5 Ng6 44. Nd5 Rf1 45. Bxh6 Rxa1 46. Bf3 Rf1 47. Kg2 Rb1 48. Kg3 Rxb2 49. h5 Ne7 50. Nxe7 Rxe7 51. Bg5 Rc7 52. Bf6+ Kg8 53. d5 Rxa2 54. Be4 Ra6 55. Be5 Re7 56. Kf4 Ra1 0-1

[Event "GER HS-200 email"]
[Site "GER email"]
[Date "2016.02.25"]
[Round "?"]
[White "Kuhn, Wilfried"]
[Black "Dreisch, Juergen"]
[Result "1-0"]
[WhiteElo "1862"]
[BlackElo "1852"]
[PlyCount "141"]
[EventDate "2016.02.29"]
[EventType "tourn (corr)"]
[EventRounds "6"]
[EventCountry "GER"]
[SourceTitle "Corr 2020"]
[Source "ChessBase"]
[SourceDate "2019.09.30"]
[SourceVersion "1"]
[SourceVersionDate "2019.09.30"]
[SourceQuality "1"]

1. e4 e5 2. Nf3 Nc6 3. Bb5 Nf6 4. d3 Bc5 5. c3 0-0 6. 0-0 d6 7. Bg5 h6 8. Bh4 g5 9. Bg3 Bd7 10. Ba4 a5 11. Nbd2 Rb8 12. Bb3 b5 13. a4 b4 14. Bc4 Re8 15. h3 Qe7 16. Re1 bxc3 17. bxc3 Qf8 18. Bb5 Qg7 19. Rc1 h5 20. d4 Ba3 21. Rb1 h4 22. Bh2 exd4 23. cxd4 g4 24. hxg4 Qxg4 25. e5 dxe5 26. dxe5 h3 27. g3 Nxe5 28. Nxe5 Qxd1 29. Rbxd1 Bxb5 30. axb5 Bb4 31. g4 Rxb5 32. g5 Ng4 33. Nxg4 Rxe1+ 34. Rxe1 Bxd2 35. Re8+ Kg7 36. Be5+ Kg6 37. Kh2 Kxg5 38. Kxh3 Rb3+ 39. Bg3 a4 40. Ne5 a3 41. Nxf7+ Kf6 42. Ne5 Bc3 43. Nd7+ Kf7 44. Ra8 Ke7 45. Nc5 Rb5 46. Ne4 Ba5 47. Bh4+ Kd7 48. Rd8+ Kc6 49. Rd1 a2 50. Ra1 Rb3+ 51. Kg4 Ra3 52. Bf6 Bb4 53. Bb2 Ra8 54. Rc1+ Kd5 55. Nf6+ Kd6 56. Ba1 Ra4 57. Ne4+ Kd5 58. Rd1+ Kc6 59. f4 Ba5 60. Kf5 Bb4 61. Ke5 Ra3 62. f5 Rb3 63. Rc1+ Kd7 64. Rc2 Ra3 65. Nf6+ Kd8 66. Ke6 Ra6+ 67. Kf7 Ra3 68. Re2 c5 69. Re7 Ra6 70. Re8+ Kc7 71. Nd5+ 1-0

[Event "GER HS-192 email"]
[Site "GER email"]
[Date "2015.11.01"]
[Round "?"]
[White "Kuhn, Wilfried"]
[Black "Sciurti, Domenico"]
[Result "1/2-1/2"]
[WhiteElo "1862"]
[BlackElo "1914"]
[PlyCount "51"]
[EventDate "2015.11.09"]
[EventType "tourn (corr)"]
[EventRounds "6"]
[EventCountry "GER"]
[SourceTitle "Corr 2020"]
[Source "ChessBase"]
[SourceDate "2019.09.30"]
[SourceVersion "1"]
[SourceVersionDate "2019.09.30"]
[SourceQuality "1"]

1. d4 f5 2. Nf3 Nf6 3. g3 g6 4. Bg2 Bg7 5. 0-0 0-0 6. c4 d6 7. Nc3 c6 8. b3 Qa5 9. Rb1 Ne4 10. b4 Qd8 11. Qd3 Nxc3 12. Qxc3 e5 13. dxe5 dxe5 14. Bb2 Qe7 15. Qe3 Re8 16. b5 e4 17. Ba3 Qf6 18. Rfd1 a6 19. Bb2 Qf8 20. Bxg7 Qxg7 21. Nd4 c5 22. Nc2 Qe7 23. Qa3 Be6 24. Ne3 Nd7 25. Qb3 axb5 26. Qxb5 1/2-1/2

[Event "GER-ch 2014-E-V7 serv"]
[Site "GER email"]
[Date "2014.12.08"]
[Round "?"]
[White "Kuhn, Wilfried"]
[Black "Dreisch, Juergen"]
[Result "1/2-1/2"]
[WhiteElo "1882"]
[BlackElo "1965"]
[PlyCount "86"]
[EventDate "2014.12.22"]
[EventType "tourn (corr)"]
[EventRounds "6"]
[EventCountry "GER"]
[SourceTitle "Corr 2020"]
[Source "ChessBase"]
[SourceDate "2019.09.30"]
[SourceVersion "1"]
[SourceVersionDate "2019.09.30"]
[SourceQuality "1"]

1. e4 c5 2. Nf3 Nc6 3. d4 cxd4 4. Nxd4 Nf6 5. Nc3 e5 6. Ndb5 d6 7. Bg5 a6 8. Na3 b5 9. Bxf6 gxf6 10. Nd5 f5 11. Bd3 Be6 12. 0-0 Bxd5 13. exd5 Ne7 14. c3 Bg7 15. Re1 e4 16. Bf1 b4 17. cxb4 Bxb2 18. Rb1 Bxa3 19. Re3 Bxb4 20. Rxb4 Qa5 21. Qd4 Ng6 22. f3 0-0 23. Ra4 Qd8 24. fxe4 f4 25. Rh3 a5 26. Rb3 Ne5 27. Qd2 Qh4 28. Be2 Kh8 29. Rxa5 Rac8 30. Rc3 Rxc3 31. Qxc3 f3 32. Bxf3 Rb8 33. Be2 Rb1+ 34. Bf1 Qf4 35. Ra8+ Kg7 36. Qg3+ Qxg3 37. hxg3 Ng4 38. Ra3 Ra1 39. Rf3 Rxa2 40. Bc4 Rb2 41. Ba6 Rb4 42. Rf4 Ne5 43. Be2 Ng6 1/2-1/2

[Event "GER-ch 2014-E-V7 serv"]
[Site "GER email"]
[Date "2014.12.08"]
[Round "?"]
[White "Kuhn, Wilfried"]
[Black "Kienel, Norbert"]
[Result "0-1"]
[WhiteElo "1882"]
[BlackElo "1880"]
[PlyCount "100"]
[EventDate "2014.12.22"]
[EventType "tourn (corr)"]
[EventRounds "6"]
[EventCountry "GER"]
[SourceTitle "Corr 2020"]
[Source "ChessBase"]
[SourceDate "2019.09.30"]
[SourceVersion "1"]
[SourceVersionDate "2019.09.30"]
[SourceQuality "1"]

1. d4 Nf6 2. c4 e6 3. Nf3 d5 4. Nc3 c6 5. e3 Bd6 6. Qc2 0-0 7. Bd2 Nbd7 8. Bd3 dxc4 9. Bxc4 e5 10. 0-0 exd4 11. exd4 Nb6 12. Bd3 h6 13. Rfe1 Be6 14. Ne5 Bc7 15. Ne4 Nxe4 16. Rxe4 Bf5 17. Re3 Bxd3 18. Rxd3 f6 19. Bxh6 fxe5 20. Bxg7 Rf7 21. Bxe5 Bxe5 22. dxe5 Nd5 23. Rg3+ Rg7 24. Re1 Rxg3 25. hxg3 Qg5 26. Qb3 Qg7 27. Qc2 Rf8 28. Qc5 a6 29. Qd6 Qg4 30. a3 Kg7 31. Qc5 Rf7 32. e6 Re7 33. Qd6 Qd4 34. b4 Kg6 35. Qd8 Kf5 36. Qf8+ Qf6 37. Qg8 Qg7 38. Qb8 Qc3 39. g4+ Kxg4 40. f3+ Kf5 41. Re4 Qc1+ 42. Kf2 Qd2+ 43. Kg1 Nf6 44. Qe5+ Kg6 45. Re1 Qg5 46. Qd6 Rh7 47. Kf2 Qh4+ 48. Kf1 Qh2 49. Qxh2 Rxh2 50. Kf2 Kg7 0-1

[Event "GER-ch 2014-E-V7 serv"]
[Site "GER email"]
[Date "2014.12.08"]
[Round "?"]
[White "Meller, Edwin"]
[Black "Kuhn, Wilfried"]
[Result "1/2-1/2"]
[WhiteElo "1807"]
[BlackElo "1882"]
[PlyCount "66"]
[EventDate "2014.12.22"]
[EventType "tourn (corr)"]
[EventRounds "6"]
[EventCountry "GER"]
[SourceTitle "Corr 2020"]
[Source "ChessBase"]
[SourceDate "2019.09.30"]
[SourceVersion "1"]
[SourceVersionDate "2019.09.30"]
[SourceQuality "1"]

1. d4 Nf6 2. c4 g6 3. Nc3 d5 4. Nf3 Bg7 5. Qb3 dxc4 6. Qxc4 0-0 7. e4 Na6 8. Be2 c5 9. d5 e6 10. 0-0 exd5 11. exd5 Bf5 12. Be3 Qb6 13. Nh4 Bd7 14. Rad1 Rfe8 15. g3 Rab8 16. Rd2 Qa5 17. a4 Qb4 18. Kg2 Rbc8 19. Nf3 h6 20. h3 g5 21. Re1 Qxc4 22. Bxc4 Nb4 23. b3 b6 24. Rde2 Rcd8 25. Bd2 Rxe2 26. Rxe2 Kf8 27. Ne5 Be8 28. Nb5 Nfxd5 29. Nxa7 Bxe5 30. Rxe5 f6 31. Re2 Bh5 32. g4 Bf7 33. Kg3 Rd7 1/2-1/2

[Event "GER-ch 2014-C-V7 serv"]
[Site "GER email"]
[Date "2014.07.08"]
[Round "?"]
[White "Kuhn, Wilfried"]
[Black "Mehaux, Heiko"]
[Result "1/2-1/2"]
[WhiteElo "1897"]
[BlackElo "1969"]
[PlyCount "37"]
[EventDate "2014.07.10"]
[EventType "tourn (corr)"]
[EventRounds "6"]
[EventCountry "GER"]
[SourceTitle "Corr 2015"]
[Source "ChessBase"]
[SourceDate "2015.07.17"]
[SourceVersion "1"]
[SourceVersionDate "2015.07.17"]
[SourceQuality "1"]

1. d4 c6 2. e4 d5 3. exd5 cxd5 4. c4 Nf6 5. Nc3 Nc6 6. Bg5 dxc4 7. Bxc4 Qxd4 8. Qxd4 Nxd4 9. 0-0-0 e5 10. f4 Bg4 11. Nf3 Bxf3 12. gxf3 Rc8 13. fxe5 Rxc4 14. exf6 g6 15. Rhe1+ Ne6 16. Kb1 Rc6 17. Ne4 Bb4 18. Bd2 Bxd2 19. Rxd2 1/2-1/2

[Event "GER-ch 2014-C-V7 serv"]
[Site "GER email"]
[Date "2014.07.08"]
[Round "?"]
[White "Kuhn, Wilfried"]
[Black "Opitz, Peter"]
[Result "1/2-1/2"]
[WhiteElo "1897"]
[BlackElo "1950"]
[PlyCount "61"]
[EventDate "2014.07.10"]
[EventType "tourn (corr)"]
[EventRounds "6"]
[EventCountry "GER"]
[SourceTitle "Corr 2015"]
[Source "ChessBase"]
[SourceDate "2015.07.17"]
[SourceVersion "1"]
[SourceVersionDate "2015.07.17"]
[SourceQuality "1"]

1. d4 Nf6 2. c4 g6 3. Nc3 d5 4. cxd5 Nxd5 5. e4 Nxc3 6. bxc3 Bg7 7. Bc4 c5 8. Ne2 Nc6 9. Be3 0-0 10. 0-0 Qc7 11. Rb1 Rd8 12. Qc1 Na5 13. Bd3 b6 14. Rd1 e5 15. d5 c4 16. Bc2 Nb7 17. h3 Nc5 18. Ng3 Bf8 19. Bg5 Rd6 20. Bh6 Bxh6 21. Qxh6 Bd7 22. f4 Re8 23. Rf1 Bc8 24. fxe5 Rxe5 25. Rf3 f6 26. Rbf1 Qe7 27. Qe3 a5 28. Qf2 Kg7 29. Rb1 Ba6 30. Rf4 h5 31. Kh2 1/2-1/2

[Event "GER-ch 2014-A-V8 serv"]
[Site "GER email"]
[Date "2014.02.14"]
[Round "?"]
[White "Gierth, Karlheinz"]
[Black "Kuhn, Wilfried"]
[Result "1-0"]
[WhiteElo "2030"]
[BlackElo "1897"]
[PlyCount "87"]
[EventDate "2014.02.24"]
[EventType "tourn (corr)"]
[EventRounds "6"]
[EventCountry "GER"]
[SourceTitle "Corr 2020"]
[Source "ChessBase"]
[SourceDate "2019.09.30"]
[SourceVersion "1"]
[SourceVersionDate "2019.09.30"]
[SourceQuality "1"]

1. c4 Nf6 2. g3 e5 3. Bg2 Bc5 4. Nc3 Nc6 5. Nf3 0-0 6. d3 d6 7. 0-0 h6 8. a3 a5 9. e3 Re8 10. b3 Bf5 11. Bb2 Ba7 12. h3 Qd7 13. Kh2 Bh7 14. Ng1 Nd8 15. Nge2 c6 16. e4 b5 17. cxb5 cxb5 18. f4 b4 19. axb4 axb4 20. Na4 Rc8 21. Ra2 Qb5 22. Bc1 Ra8 23. fxe5 dxe5 24. Bxh6 Ne6 25. Nc1 Rec8 26. Bd2 Nd4 27. Nb2 Bc5 28. Rxa8 Rxa8 29. Nc4 Qb8 30. h4 Qe8 31. g4 Nd7 32. g5 Ra6 33. Ne2 Ne6 34. Qe1 Ra2 35. Nc1 Ra1 36. h5 g6 37. h6 Qd8 38. Qg3 Ra6 39. Bh3 Qe7 40. Kg2 Ba7 41. Ne2 Ra2 42. Kh1 Bc5 43. Ng1 Bd6 44. Nf3 1-0